000 00570cam a2200193 4500500
005 20260329004749.0
041 _afre
042 _adc
100 1 0 _ade Oliveira, Victorine
_eauthor
245 0 0 _aLichens. Pour une résistance minimale
260 _c2021.
500 _a15
690 _aChampignon
690 _alichen
690 _aNature
690 _aVivant
786 0 _nPhilosophie magazine | 146 | 2 | 2021-02-01 | p. 96-96 | 1951-1787
856 4 1 _uhttps://shs.cairn.info/magazine-philosophie-magazine-2021-2-page-96?lang=fr&redirect-ssocas=7080
999 _c1837051
_d1837051